The Transformation of Urban Liberalism : (Record no. 14026)
[ view plain ]
| 000 -LEADER | |
|---|---|
| fixed length control field | 02153cam a2200373 a 4500 |
| 001 - CONTROL NUMBER | |
| control field | 14167372 |
| 005 - DATE AND TIME OF LATEST TRANSACTION | |
| control field | 20070116105633.0 |
| 008 - FIXED-LENGTH DATA ELEMENTS--GENERAL INFORMATION | |
| fixed length control field | 051114s2006 enk | b 001 0 eng d |
| 010 ## - LIBRARY OF CONGRESS CONTROL NUMBER | |
| LC control number | 2005031649 |
| 015 ## - NATIONAL BIBLIOGRAPHY NUMBER | |
| National bibliography number | GBA636446 |
| Source | bnb |
| 016 7# - NATIONAL BIBLIOGRAPHIC AGENCY CONTROL NUMBER | |
| Record control number | 013437331 |
| Source | Uk |
| 020 ## - INTERNATIONAL STANDARD BOOK NUMBER | |
| International Standard Book Number | 0754650006 (alk. paper) |
| 020 ## - INTERNATIONAL STANDARD BOOK NUMBER | |
| International Standard Book Number | 9780754650003 |
| 035 ## - SYSTEM CONTROL NUMBER | |
| System control number | (OCoLC)ocm62330608 |
| 040 ## - CATALOGING SOURCE | |
| Original cataloging agency | DLC |
| Transcribing agency | DLC |
| Modifying agency | BAKER |
| -- | UKM |
| -- | BWKUK |
| -- | YDXCP |
| -- | OCLCQ |
| -- | DLC |
| 043 ## - GEOGRAPHIC AREA CODE | |
| Geographic area code | e-uk--- |
| 050 00 - LIBRARY OF CONGRESS CALL NUMBER | |
| Classification number | DA560 |
| Item number | .M625 2006 |
| 082 00 - DEWEY DECIMAL CLASSIFICATION NUMBER | |
| Edition number | 22 |
| Classification number | 320.94254209034 |
| Item number | MOO |
| 100 1# - MAIN ENTRY--PERSONAL NAME | |
| Personal name | Moore, James R., |
| Dates associated with a name | 1972- |
| 9 (RLIN) | 14388 |
| 245 14 - TITLE STATEMENT | |
| Title | The Transformation of Urban Liberalism : |
| Remainder of title | Party Politics and Urban Governance in Late Nineteenth-Century England / |
| Statement of responsibility, etc | James R. Moore. |
| 260 ## - PUBLICATION, DISTRIBUTION, ETC. (IMPRINT) | |
| Place of publication, distribution, etc | Aldershot, England : |
| Name of publisher, distributor, etc | Ashgate Pub. Co., |
| Date of publication, distribution, etc | c2006. |
| 300 ## - PHYSICAL DESCRIPTION | |
| Extent | xii, 323 p. ; |
| Dimensions | 24 cm. |
| 440 #0 - | |
| -- | Historical urban studies |
| -- | 14389 |
| 504 ## - BIBLIOGRAPHY, ETC. NOTE | |
| Bibliography, etc | Includes bibliographical references (p. [301]-316) and index. |
| 505 0# - FORMATTED CONTENTS NOTE | |
| Formatted contents note | The rise of Manchester radicalism -- Leicester liberalism : an uneasy alliance -- Manchester and the home rule crisis -- Leicester : unionism marginalised? -- Municipal scandals and realignment -- The "politicisation" of the town hall -- Manchester's suburban radicalism -- Incorporation : an agent of radicalism? -- Manchester and the rise of progressivism -- The Labour challenge in Leicester. |
| 610 20 - SUBJECT ADDED ENTRY--CORPORATE NAME | |
| Corporate name or jurisdiction name as entry element | Liberal Party (Great Britain) |
| General subdivision | History |
| Chronological subdivision | 19th century. |
| 9 (RLIN) | 14390 |
| 650 #0 - SUBJECT ADDED ENTRY--TOPICAL TERM | |
| Topical term or geographic name as entry element | Liberalism |
| Geographic subdivision | Great Britain |
| General subdivision | History |
| Chronological subdivision | 19th century. |
| 9 (RLIN) | 14391 |
| 650 #0 - SUBJECT ADDED ENTRY--TOPICAL TERM | |
| Topical term or geographic name as entry element | Municipal government |
| Geographic subdivision | Great Britain |
| General subdivision | History |
| Chronological subdivision | 19th century. |
| 9 (RLIN) | 14392 |
| 651 #0 - SUBJECT ADDED ENTRY--GEOGRAPHIC NAME | |
| Geographic name | Great Britain |
| General subdivision | Politics and government |
| Chronological subdivision | 1837-1901. |
| 9 (RLIN) | 14393 |
| 856 41 - ELECTRONIC LOCATION AND ACCESS | |
| Materials specified | Table of contents |
| Uniform Resource Identifier | <a href="http://www.loc.gov/catdir/toc/ecip063/2005031649.html">http://www.loc.gov/catdir/toc/ecip063/2005031649.html</a> |
| 942 ## - ADDED ENTRY ELEMENTS (KOHA) | |
| Source of classification or shelving scheme | Dewey Decimal Classification |
| Item type | Book - Borrowing |
| Withdrawn status | Item status | Source of classification or shelving scheme | Damaged status | Not for loan | Vendor | Home library | Current library | Shelving location | Date acquired | Source of acquisition | Cost, normal purchase price | Serial Enumeration / chronology | Total Checkouts | Full call number | Barcode | Date last seen | Date last borrowed | Koha item type |
|---|---|---|---|---|---|---|---|---|---|---|---|---|---|---|---|---|---|---|
| Dewey Decimal Classification | Baccah | Central Library | Central Library | First floor | 30/05/2010 | 750.00 | 10315 | 2 | 320.94254209034 MOO | 000020872 | 15/07/2025 | 10/12/2014 | Book - Borrowing |